| 000 | 02123nam a2200385 c 4500 | ||
|---|---|---|---|
| 999 |
_c118518 _d118518 |
||
| 003 | BLK | ||
| 005 | 20240315154251.0 | ||
| 008 | 180409b bul|||||r ||||||| ||bul|| | ||
| 010 | _aKNG00124121000 | ||
| 040 | _aBLK | ||
| 041 |
_aBUL _cBUL |
||
| 072 | 7 |
_2bullib _aА _xФонд Михаил Арнаудов |
|
| 080 |
_aЛитература на отделни езици и езикови семейства _b821 _x.09 _z821.09 |
||
| 080 |
_aЛитература на отделни езици и езикови семейства _b821 _x(092) _z821(092) |
||
| 080 |
_aФолклор (в тесен смисъл) _b398 _x(497.2)(092) _z398(497.2)(092) |
||
| 080 |
_aФилолог, български политик, преподавател _b929 Шишманов, Иван Димитров _z929 Шишманов, Иван Димитров |
||
| 139 |
_aСборник в чест на проф. _bШ 70 |
||
| 245 | 1 | 0 |
_aСборник в чест на проф. Ив. Д. Шишманов по случай тридесетгодишната му научна дейност _b1889-1919 |
| 257 | _aBGR | ||
| 260 |
_bУчениците и почитателите му _c1920 _fСофия : Придворна печ. |
||
| 300 |
_a196 с., 1 л. _bпортр. _c24 см |
||
| 380 | _a82 | ||
| 490 |
_9396381 _aЧастна колекция - Академик Михаил Арнаудов _gДарение - Основен фонд |
||
| 500 | _aДатиране на кн. Юбилей 6 май 1920 (инв. № 589421 ; Автограф с текст Иван Шишманов 6. V. 92. - Мека подв., инв. № 589421 - неразрязана, инв. № 319783 - твърда подв. с калъф | ||
| 600 | 1 | 4 |
_aШишманов, Иван Димитров _9143639 |
| 650 | 4 |
_aШишманов, Иван Димитров _9365496 |
|
| 659 | _aА | ||
| 852 | _aМА 52 | ||
| 856 | 4 | _qpdf | |
| 856 | 4 | _qpdf | |
| 942 |
_cKNG _n0 _s1 |
||
| 944 |
_aCR _c17.09.2016 _k30560 _lГеновева Генчева |
||
| 944 |
_aED _c17.09.2016 _kГеновева_Генчева |
||
| 999 | _d118518 | ||